Music Quiz

Random Music or Rock Quiz

Matching Album Lyrics: Sgt. Pepper's Quiz Stats

Quiz not verified by Sporcle

Challenge
Share
Tweet
Embed
Score 0/13 Timer 03:00
0 Plays Today
% Correct
Lucy In The Sky With Diamonds
96.8%
A Day In The Life
95.4%
With A Little Help From My Friends
95.1%
Sgt. Pepper's Lonely Hearts Club Band (Reprise)
93.7%
Being For The Benefit of Mr. Kite!
93.5%
Lovely Rita
92.8%
She's Leaving Home
91.2%
Sgt. Pepper's Lonely Hearts Club Band
88.4%
When I'm Sixty-Four
87.7%
Getting Better
82.1%
Within You Without You
78.9%
Fixing A Hole
77.3%
Good Morning Good Morning
72.2%

You're not logged in!

Compare scores with friends on all Sporcle quizzes.
Sign Up with Email
OR
Log In

You Might Also Like...

Show Comments

Extras

Top Quizzes Today


Score Distribution

Your Account Isn't Verified!

In order to create a playlist on Sporcle, you need to verify the email address you used during registration. Go to your Sporcle Settings to finish the process.